000
00275nam a2200109Ia 4500
008
200302s9999 xx 000 0 und d
100
_a
Gabrielle Van Zuylen
245
_a
The Garden Visions Of Paradise
260
_b
Thames and Hudson, London
260
_c
1995
300
_a
175 P
999
_c
4909
_d
4909